000 00418cam a22001097a 4500
008 180718b xxu||||| |||| 00| 0 eng d
082 _aT42x5445 1991-1992
100 _aGoa. Directorate of Planning, Statistics and Evaluation
245 _aReport on credit deposit ratio in Goa 1991-92
_cby Directorate of Planning, Statistics and Evaluation
260 _aPanaji
_bGovernment of Goa
_c
500 _aLibrary has 1990-91, 1991-92
999 _c498060
_d498060